Cassandra - Taylor Swift (All Lyrics) - Statistics

General Stats
  • This quiz has been taken 631 times
  • The average score is 305 of 367
Answer Stats
Lyrics % Correct
a
99%
I
99%
So,
99%
So
99%
so
99%
the
99%
The
99%
Cassandra
98%
'Cause
98%
'cause
98%
they
98%
They
98%
first
97%
my
97%
she
97%
who
97%
to
96%
and
95%
And
95%
kill
95%
killed
95%
worst
95%
you
95%
You
95%
in
94%
In
94%
me
94%
no
93%
No
93%
say
93%
say,
93%
was
93%
Do
92%
feared
92%
it
92%
now?
90%
tell
90%
That
90%
that
90%
town
89%
believe
88%
when
88%
When
88%
tried
87%
not
86%
said
86%
all
85%
but
85%
knew,
85%
knew
85%
it's
84%
It's
84%
regret
84%
nothin'
83%
what
83%
"What
83%
What
83%
house
82%
one
82%
for
81%
like
80%
time
80%
somethin'
79%
where
79%
whole
79%
with
79%
new
78%
snakes,
78%
word
78%
got
77%
heard
77%
heard,
77%
if
77%
out,
77%
that's
77%
are?
76%
filled
76%
onto
76%
quiet
76%
soul
76%
they're
76%
truth
76%
wall
76%
bitch,"
75%
can
75%
comes
75%
daydreams
75%
doesn't
75%
makes
75%
never
74%
"Burn
73%
call
73%
payroll
73%
there's
73%
I'm
72%
up
72%
Blood's
71%
screamin'
71%
along
70%
of
70%
thick,
70%
words
70%
prayer
69%
raging
69%
aware"
68%
cell
68%
mark
68%
crack
67%
single
67%
Christian
66%
lost
66%
becomes
65%
family,
65%
chorus
64%
flames,
64%
riot
64%
streets,
64%
life
63%
line
63%
saying
63%
warning,
63%
Patching
62%
happens
61%
nightmares
61%
stone's
61%
shrieking
60%
spared
60%
thrown,
60%
Bet
59%
into
58%
pure
58%
placing
56%
set
56%
tower
54%
mourning
53%
track
53%
greed,
51%
lose
51%
patched
51%
Ah,
50%
ah
50%
ah,
50%
Ah
50%
snarls
50%
smiles
49%
weaving
48%
pass
45%
Twisting
39%
No matching quizzes found
Score Distribution
Percent of People with Each Score
Percentile by Number Answered
Your Score History
You have not taken this quiz